Music Quiz

Random Music or Taylor Swift Quiz
Score 0/38 Timer 05:00
0 Plays Today
Lyrics Song % Correct
I'm in my room it's a typical Tuesday night I'm listening to the kind of music she doesn't likeYou Belong With Me
92.4%
I've heard every album listened to the radio/waiting for something to come alongOur Song
89.5%
We keep quiet because we're dead if they knew/So close your eyesLove Story
89%
You sit in class next to a redhead named Abigail/And soon enough you're best friendsFifteen
85.2%
Maybe I was Naieve/Got lost in your eyesWhite Horse
81.2%
We're driving down the road/I wonder if you knowFearless
80.7%
All those other girls/Well they're beautiful/But would they write a song for youHey Stephen
77.4%
I was right there beside him/ all summer longTim McGraw
75.3%
So I'll drive home alone/as I turn out the lightTeardrops on My Guitar
75.3%
So go and tell your friends that I'm obsessive and crazy/that's fine I'll tell mine you're gayPicture to Burn
72.2%
Was I out of line/Did I say something way too honest made you run and hide/like a scared little boy?Forever and Always
71.5%
You're the only thing I know like the back of my handBreathe
68.2%
They might be bigger/But we're faster/and never scaredChange
65.2%
Could have loved you all my life if you hadn't left me waiting in the coldYou're Not Sorry
57.8%
Was it worth it/Was she worth this?Should've Said No
57.6%
First thought when I wake up/Is my god he's beautiful/So I put on my makeup/And pray for a miracleI'd Lie
56.1%
Pretty girls on every corner/they watch him while he's walking home/saying does he know/will you ever know?Stay Beautiful
54.5%
I have an excellent father/his strength is making me strongerThe Best Day
54.5%
Well I was 16 when suddenly/I wasn't that little girl you used to seeMary's Song
51.6%
Lyrics Song % Correct
He is sensible and so incredible/and all my single friends are jealousThe Way I Loved You
50.9%
Friday night beneath the stars/In a field behind your yardI'm Only Me When I'm With You
48.9%
Hold on baby you're losing it/The waters high you're jumping into it and letting goTied Together With A Smile
48.4%
So I start a fight because I need to feel somethingCold As You
48.4%
You tell me that you love me/then cut me downTell Me Why
45.7%
There's a fire inside of you/that can't help but shine throughInvisible
45.5%
I've never gone with the wind/Just let it flow/let it take me where it wants to goCrazier
45.5%
You out clubbin/but I just made carmel delightsThug Story
44.8%
Come on, Come on/Say that we'll be together/Come on come on/ little taste of heavenUntouchable
42.6%
wish I had concentrated/they said love was complicated/but it's something I just fell intoI Heart Question Mark
41.7%
You saw me there and never knew/ That I would give it all up to be/A part of this a part of youThe Outside
41.5%
I don't know what I want/So Dont ask me/Cus im still trying to figure it outA Place In This World
39%
I've watched you so long/Screamed your name/ I don't know what else I can sayCome In With The Rain
32.7%
Sometimes I think of you late at night/I don't know why/ I want to be somewhere where you are/I want to be where...Beautiful Eyes
27.4%
You were never good enough for him or anything like me/so you might as well sit back cause i'm not trying to show maturityPermanent Marker
27.1%
I could be your favorite blue jeans with the holes in the knees/ in the bottom of the top drawerYour Anything
27.1%
No matter what you say/I still can't believe/That you would walk away/It don't make sense to me A Perfectly Good Heart
25.6%
I heard a song tonight on the radio/Another girl sings about a boyYour Face
16.8%
Take me down/baby bring on the movie star/cus my heart is beating fast and you are beautifulSparks Fly
15.7%

You're not logged in!

Compare scores with friends on all Sporcle quizzes.
OR
Log In

Sporcle TV

Today on Sporcle TV


Watch our educational content, quiz creation guides, and fun videos on Sporcle TV.

Show Comments

Extras

Top Quizzes Today


Score Distribution

Paid Content

Your Account Isn't Verified!

In order to create a playlist on Sporcle, you need to verify the email address you used during registration. Go to your Sporcle Settings to finish the process.

Report this User

Report this user for behavior that violates our Community Guidelines.

Details: